Adlerian family counseling : (Record no. 45)

MARC details
000 -LEADER
fixed length control field 00762nam a2200253 a 4500
005 - DATE AND TIME OF LATEST TRANSACTION
control field 20260322212004.0
008 - FIXED-LENGTH DATA ELEMENTS--GENERAL INFORMATION
fixed length control field data
010 ## - LIBRARY OF CONGRESS CONTROL NUMBER
LC control number 93070537
020 ## - INTERNATIONAL STANDARD BOOK NUMBER
International Standard Book Number 0932796567
020 ## - INTERNATIONAL STANDARD BOOK NUMBER
International Standard Book Number 9780932796561
040 ## - CATALOGING SOURCE
Original cataloging agency DLC
Transcribing agency DLC
050 00 - LIBRARY OF CONGRESS CALL NUMBER
Classification number HV697
Item number .A33 1993
082 00 - DEWEY DECIMAL CLASSIFICATION NUMBER
Classification number 362.82/86
Edition information 20
096 ## - LOCALLY ASSIGNED NLM-TYPE CALL NUMBER (OCLC)
Classification number WM 430.5.F2 C475 1993
001 - CONTROL NUMBER
control field data
245 00 - TITLE STATEMENT
Title Adlerian family counseling :
Remainder of title a manual for counselor, educator, and psychotherapist /
Statement of responsibility, etc. edited by Oscar C. Christensen.
250 ## - EDITION STATEMENT
Edition statement Rev. ed.
260 ## - PUBLICATION, DISTRIBUTION, ETC.
Place of publication, distribution, etc. Minneapolis :
Name of publisher, distributor, etc. Educational Media Corp.,
Date of publication, distribution, etc. c1993.
300 ## - PHYSICAL DESCRIPTION
Extent vi, 186 p. :
Other physical details ill. ;
Dimensions 22 cm.
504 ## - BIBLIOGRAPHY, ETC. NOTE
Bibliography, etc. note Includes bibliographical references.
600 10 - SUBJECT ADDED ENTRY--PERSONAL NAME
Personal name Alder, Alfred,
Dates associated with a name 1870-1937.
650 #0 - SUBJECT ADDED ENTRY--TOPICAL TERM
Topical term or geographic name entry element Family counseling.
700 1# - ADDED ENTRY--PERSONAL NAME
Personal name Christensen, Oscar C.
Holdings
Withdrawn status Lost status Damaged status Not for loan Home library Current library Shelving location Date acquired Total checkouts Full call number Barcode Date last seen Price effective from Koha item type
        Franklin Franklin General stacks 22/03/2026   362.82/86 20 BC0010045 22/03/2026 22/03/2026 Books